000 00281nam a22001217a 4500
040 _cHS
082 _a611
100 _aហ៊ន់ ហៀក
245 _aរោគសាស្ត្រសត្វ១
260 _aRUA
_bហ៊ន់ ហៀក
_cNA
300 _a55p;
942 _cKB
999 _c9860
_d9860